History of the world : earliest times to the present day (Record no. 69174)

MARC details
000 -LEADER
fixed length control field 00647nam a22002057a 4500
003 - CONTROL NUMBER IDENTIFIER
control field URS
005 - DATE AND TIME OF LATEST TRANSACTION
control field 20230411093756.0
008 - FIXED-LENGTH DATA ELEMENTS--GENERAL INFORMATION
fixed length control field 170307b xxu||||| |||| 00| 0 eng d
020 ## - INTERNATIONAL STANDARD BOOK NUMBER
International Standard Book Number 1572154217
040 ## - CATALOGING SOURCE
Original cataloging agency URS
041 ## - LANGUAGE CODE
Language code of text/sound track or separate title eng
050 00 - LIBRARY OF CONGRESS CALL NUMBER
Classification number D 20
Item number .H629 2002
245 ## - TITLE STATEMENT
Title History of the world : earliest times to the present day
Statement of responsibility, etc. John Whitney Hall, general editor, John Grayson Kirk, editor
264 #1 - PRODUCTION, PUBLICATION, DISTRIBUTION, MANUFACTURE, AND COPYRIGHT NOTICE
Place of production, publication, distribution, manufacture North Dighton, MA
Name of producer, publisher, distributor, manufacturer World Publications
Date of production, publication, distribution, manufacture, or copyright notice ©2002
300 ## - PHYSICAL DESCRIPTION
Extent 915 pages :
Other physical details illustrations ;
Dimensions 30 cm
650 #0 - SUBJECT ADDED ENTRY--TOPICAL TERM
Topical term or geographic name entry element World history.
700 1# - ADDED ENTRY--PERSONAL NAME
Personal name Hall, John Whitney
Relator term editor
700 1# - ADDED ENTRY--PERSONAL NAME
Personal name Kirk, John Grayson.
Relator term editor
942 ## - ADDED ENTRY ELEMENTS (KOHA)
Source of classification or shelving scheme Library of Congress Classification
Koha item type Reference
Holdings
Withdrawn status Source of classification or shelving scheme Damaged status Not for loan Collection code Home library Current library Date acquired Total Checkouts Full call number Barcode Date last seen Copy number Price effective from Koha item type
  Library of Congress Classification     Reference Morong College Library Morong College Library 03/07/2017   D 20 .H629 2002 URSMOR-CL-20639 01/21/2001 1 02/27/2019 Reference

University of Rizal System
Email us at univlibservices@urs.edu.ph

Visit our Website www.urs.edu.ph/library